000 00264nam a22001217a 4500
008 181218b xxu||||| |||| 00| 0 eng d
041 _aeng
080 _a610
100 _a4
101 _aSHM
245 _aLiterature and Medicine
_cTrautmann, J
942 _2udc
_cBK
999 _c53383
_d53383